000 00731nam a2200205Ia 4500
001 b655-24051 [2872]
003 IT-MiCISF
008 161014s9999||||xx |||||||||||||| ||und||
040 _aIT-MiCISF
_cIT-MiCISF
041 _ait
100 _aMelchiorre Virgilio (a cura di)
245 0 _aAmore e matrimonio nel pensiero filosofico e teologico moderno
250 _a1a ed.
260 _a Milano
_bVita e pensiero
_c1976
300 _app. 466
500 _aPortatadino C., Bellini A., Ruffini E., Lombardo M., Parolini M.T., Cremaschi S., Nebuloni R., Romanato G., Melchiorre V. / matrimonio, cristianesimo, teologia, filosofia, amore, storia, teoria /
650 _amatrimonio
942 _cBK
957 _71
999 _a24051
_bsi
_g1
_c210480
_d210480